=LDR 00000nam 2200000 4500 =001 INLIS000000000017765 =005 20130612113001 =008 ***********************************Ind** =035 ##$$0010-061300000017765 =041 ##$$a Ind =082 ##$$a 535 =090 ##$$a 535, Muh t =100 ##$$a Muhaimin =245 ##$$a Teknologi pencahayaan, oleh Muhaimin, MT ; editor, Aep Gunarsa =260 ##$$a 2001 $b Jakarta =300 ##$$a viii, 207 hlm, ilus, 23 cm =650 ##$$a Cahaya =700 ##$$a Gunarsa, Aep =850 ##$$a NBPNMAT